| 000 | 01489nam a2200253 4500 | ||
|---|---|---|---|
| 003 | SEM | ||
| 005 | 20241205104330.0 | ||
| 008 | 241004s2002 ru ||||gr||||||01|||rus|d | ||
| 020 | _a5-17-015907-2 | ||
| 040 |
_aSEM _cSEM |
||
| 041 |
_arus _hgerm |
||
| 080 | _a830(436)-3/Ц-26 | ||
| 100 |
_aЦвейг, Стефан _c(нем. Stefan Zweig) _q(иногда-Штефан Цвайг) _d(1881-1942) |
||
| 245 |
_aАмок : _b(Новеллы) / _cС. Цвейг |
||
| 250 | _aЛитературно-художественное издание | ||
| 260 |
_aМосква : _b«АСТ», _c2002. |
||
| 300 |
_a238 ст ; _c17 см |
||
| 490 |
_a«Классическая и современная проза» _vВып. 102 |
||
| 500 | _aТри новеллы «крайних ситуаций», в которых читатель (как и рассказчик) поистине теряет чувство реальности,-и вынужден пребывать в весьма странном, причудливом мире тёмных фантазий и яростных, обнажённых эмоций. Такой Стефан Цвейг в «чёрный» -возможно, самый современный-период своего творчества. | ||
| 650 |
_aАвстрийская литература _xновеллы |
||
| 653 | _aՍԷՄ | ||
| 830 |
_a«Классическая и современная проза» _vВып. 102 |
||
| 942 |
_2udc _cBK |
||
| 999 |
_c75288 _d75288 |
||